000 01832cam a2200373 a 4500
001 75938
003 BD-RjUL
005 20211209082750.0
008 190919s2013 bg a 001 0 benod
020 _a9848519009
025 _aB-B-2008-319178; 21
035 _a(BD-RjUL)76157
040 _aDLC
_cDLC
_beng
041 _aeng
042 _alcode
043 _aa-bg---
082 _222
_a954.9205
_bBAN 2013
245 0 0 _aবাংলাদেশের স্বাধীনতা যুদ্ধে আগরতলা-ত্রিপুরা :
_bদলিলপত্র /
_cসংগ্রহ, সংকলন সুকুমার বিশ্বাস, সম্পাদনা
250 _aতৃতীয় সং.
260 _aঢাকা :
_bইত্যাদি গ্রন্থ প্রকাশ,
_c২০১৩.
300 _a১১০৪ পৃ. :
_bচিত্র ;
_c২৩ সেমি.
520 _aCollection of press reports and personal narratives about the role of Agartala and Tripura, India in the freedom struggle of Bangladesh in 1971.
651 0 _aBangladesh
_xHistory
_yRevolution, 1971
_vSources.
_9233038
651 0 _aBangladesh
_xHistory
_yRevolution, 1971
_xPress coverage
_zIndia
_zTripura.
_9233039
651 0 _aBangladesh
_xHistory
_yRevolution, 1971
_xPress coverage
_zIndia
_zAgartala.
_9233040
651 0 _aBangladesh
_xHistory
_yRevolution, 1971
_vPersonal narratives.
_9233041
651 0 _aIndia-Pakistan Conflict, 1971.
_9233042
651 0 _aবাংলাদেশ
_xইতিহাস
_yস্বাধীনতা যুদ্ধ, ১৯৭১
_vদলিলপত্র
_9233046
700 1 _aবিশ্বাস, সুকুমার
_d১৯৪৫-
_9233047
942 _2ddc
_cBK
999 _c75938
_d75938